[Event "Campeonato de Euskadi Absoluto 2015"]
[Site "Zornotza"]
[Date "2015.04.06"]
[Round "1"]
[White "Prieto Aranguren, Alain"]
[Black "Franco Alonso, Alejandro"]
[Result "0-1"]
[WhiteElo "2181"]
[BlackElo "2447"]

1.e4 c5 2.Nf3 e6 3.d4 cxd4 4.Nxd4 Nf6 5.Nc3 d6 6.Be2 Nc6 7.O-O Be7 8.Be3 
O-O 9.f4 Bd7 10.Kh1 Nxd4 11.Qxd4 Bc6 12.Bf3 Qc7 13.Rad1 Rfd8 14.a4 b6 15.
Qd3 Rac8 16.Qe2 Qb7 17.Bd4 d5 18.exd5 Nxd5 19.Nxd5 Bxd5 20.Bxd5 Rxd5 21.
Be5 Rxd1 22.Rxd1 Qc6 23.Qg4 Bf8 24.c3 Qxa4 25.h4 h6 26.Rd3 Qe4 27.Rd7 Rc5 
28.Bd4 Rf5 29.Rd8 e5 30.Bxe5 Rxe5 31.Qc8 Qe1+ 32.Kh2 0-1

[Event "Campeonato de Euskadi Absoluto 2015"]
[Site "Zornotza"]
[Date "2015.04.06"]
[Round "1"]
[White "Huerga Leache, Mikel"]
[Black "Arias Garcia, Luis Javier"]
[Result "1/2-1/2"]
[WhiteElo "2434"]
[BlackElo "2140"]

1.d4 Nf6 2.c4 g6 3.Nc3 Bg7 4.e4 d6 5.Nf3 O-O 6.Be3 e5 7.dxe5 dxe5 8.Qxd8 
Rxd8 9.Nd5 Nxd5 10.cxd5 c6 11.Bc4 cxd5 12.Bxd5 Nc6 13.Bxc6 bxc6 14.O-O Ba6
15.Rfc1 Bd3 16.Nd2 Rd6 17.f3 a5 18.Nc4 Rdd8 19.Nb6 Rab8 20.Rxc6 f5 21.exf5
gxf5 22.Bg5 Re8 23.Nc4 e4 24.Rd1 Bd4+ 25.Be3 Bxb2 26.Nxb2 Rxb2 27.Rd2 Rxd2
28.Bxd2 exf3 29.Rc3 Bb1 30.Rxf3 1/2-1/2

[Event "Campeonato de Euskadi Absoluto 2015"]
[Site "Zornotza"]
[Date "2015.04.06"]
[Round "1"]
[White "Ladron De Guevara Galar, Fco J"]
[Black "Gonzalez De La Torre, Santiago"]
[Result "0-1"]
[WhiteElo "2112"]
[BlackElo "2429"]

1.d4 d5 2.c4 Nc6 3.Nf3 Bg4 4.Bf4 e6 5.e3 Bd6 6.Bg3 Nge7 7.c5 Bxg3 8.hxg3 
f6 9.Nc3 Qd7 10.Qa4 e5 11.dxe5 Nxe5 12.Qxd7+ Nxd7 13.Nb5 O-O-O 14.Nxa7+ 
Kb8 15.Nb5 Nxc5 16.Rc1 Na6 17.Bd3 c6 18.Na3 Nb4 19.Bb1 Bf5 20.Nd4 Bc8 21.
O-O b6 22.Rcd1 c5 23.Nac2 Na6 24.Nf3 Nc6 25.a3 Bg4 26.b4 Ne5 27.Nxe5 fxe5 
28.f3 Be6 29.Ba2 Rhe8 30.bxc5 bxc5 31.e4 d4 32.Bxe6 Rxe6 33.Ne3 Kc7 34.Nc4
Rb8 35.Rb1 Rxb1 36.Rxb1 Nb8 37.Rb5 Nd7 38.a4 g5 39.g4 Ra6 40.a5 Kc6 41.Rb3
Ra7 42.Kf2 Rb7 43.Rxb7 Kxb7 44.Ke2 Ka6 45.Kd3 Kb5 46.Nd6+ Kxa5 47.Nf7 Kb4 
48.Nxg5 Kb3 49.f4 c4+ 50.Kd2 Kb2 51.Nf3 c3+ 52.Ke2 c2 53.Ne1 Nc5 0-1

[Event "Campeonato de Euskadi Absoluto 2015"]
[Site "Zornotza"]
[Date "2015.04.06"]
[Round "1"]
[White "Argandona Riveiro, Inigo"]
[Black "Buiza Prieto, Eihartze"]
[Result "1-0"]
[WhiteElo "2427"]
[BlackElo "2107"]

1.Nf3 c5 2.c4 g6 3.d4 cxd4 4.Nxd4 Bg7 5.e4 Nc6 6.Be3 Nf6 7.Nc3 Ng4 8.Qxg4 
Nxd4 9.Qd1 Ne6 10.Qd2 Qa5 11.Be2 b6 12.Rc1 Bb7 13.f3 g5 14.b3 Qe5 15.O-O 
h5 16.Rfd1 d6 17.Nb5 Kf8 18.Nd4 Nxd4 19.Bxd4 Qxd4+ 20.Qxd4 Bxd4+ 21.Rxd4 
f6 22.b4 Kg7 23.c5 Rac8 24.Rdd1 bxc5 25.bxc5 dxc5 26.Rd7 Bc6 27.Rxe7+ Kf8 
28.Re6 Kf7 29.Bc4 Bb5 30.Bd5 Rb8 31.Ra6+ Kg6 32.Rxa7 Rb6 33.a4 Ra6 34.Re7 
Bxa4 35.Be6 Rxe6 36.Rxe6 c4 37.Rb6 Be8 38.e5 Kf5 39.exf6 Bf7 40.Kf2 Ra8 
41.Rc2 Re8 42.Rc6 Rd8 43.Ra2 Bd5 44.Rc5 Kxf6 45.Rd2 Ke6 46.Rxc4 Rf8 47.Rc5
Rf5 48.Ra5 g4 49.Raxd5 1-0

[Event "Campeonato de Euskadi Absoluto 2015"]
[Site "Zornotza"]
[Date "2015.04.06"]
[Round "1"]
[White "Gonzalez Martinez, Miguel Ange"]
[Black "Astasio Lopez, David"]
[Result "0-1"]
[WhiteElo "2101"]
[BlackElo "2401"]

1.e4 c5 2.Nf3 e6 3.d4 cxd4 4.c3 Nf6 5.e5 Nd5 6.cxd4 b6 7.Nc3 Bb7 8.Bd3 
Nxc3 9.bxc3 Qc7 10.Bd2 d6 11.O-O Nd7 12.Bf4 Be7 13.Re1 O-O 14.Rc1 Rfd8 15.
exd6 Bxd6 16.Bxh7+ Kxh7 17.Ng5+ Kg8 18.Bxd6 Qxd6 19.Qh5 Qf4 20.Re3 Nf8 21.
Rce1 g6 22.Qh6 f6 23.Rh3 Qxg5 24.Qh8+ Kf7 25.Rh7+ Nxh7 26.Qxh7+ Kf8 0-1

[Event "Campeonato de Euskadi Absoluto 2015"]
[Site "Zornotza"]
[Date "2015.04.06"]
[Round "1"]
[White "Etchegaray, Patrice"]
[Black "Sanchez Ruesga, Hector"]
[Result "1/2-1/2"]
[WhiteElo "2400"]
[BlackElo "2099"]

1.e4 c5 2.c3 d5 3.exd5 Qxd5 4.d4 Nf6 5.Nf3 e6 6.Bd3 Nc6 7.O-O Be7 8.Be3 
Ng4 9.Qe2 Nxe3 10.fxe3 O-O 11.Nbd2 Qh5 12.Ne4 Bd7 13.Rad1 Rad8 14.Ng3 Qh6 
15.a3 cxd4 16.exd4 Bd6 17.Ne4 Bf4 18.Rde1 Bc8 19.g3 Bc7 20.Neg5 g6 21.Ne4 
f6 22.Bc4 Kh8 23.b4 Qg7 24.Nc5 e5 25.Be6 Bd6 26.Bxc8 Bxc5 27.bxc5 Rxc8 28.
dxe5 fxe5 29.Nxe5 Rxf1+ 30.Kxf1 Nxe5 31.Qxe5 Rf8+ 32.Kg2 Qxe5 33.Rxe5 Rf7 
34.Re8+ Kg7 35.Ra8 a6 36.c6 Rc7 37.cxb7 Rxb7 38.Rxa6 Rc7 39.a4 h5 40.Kf3 
Rxc3+ 41.Kf4 Kh6 42.Re6 Rc2 43.h4 Ra2 44.Re4 Ra3 45.Rc4 Kg7 46.g4 hxg4 47.
Kxg4 Kf6 48.Rf4+ Kg7 49.Rb4 Kf6 50.Rb6+ Kg7 51.Ra6 Ra1 52.a5 Kh6 53.Ra8 
Ra4+ 54.Kg3 Ra3+ 55.Kf4 Ra4+ 56.Ke5 Kg7 57.a6 Rxh4 58.Rc8 Ra4 59.Rc6 g5 
60.Kd6 Kf6 61.Kc7+ Kf5 62.Kb7 g4 63.a7 Rxa7+ 64.Kxa7 Kf4 65.Rf6+ Ke3 66.
Rg6 Kf3 67.Kb6 g3 68.Kc5 g2 69.Kd4 Kf2 70.Rf6+ Ke2 71.Rg6 Kf2 72.Kd3 g1=Q 
73.Rxg1 Kxg1 1/2-1/2

[Event "Campeonato de Euskadi Absoluto 2015"]
[Site "Zornotza"]
[Date "2015.04.06"]
[Round "1"]
[White "Urretabizkaia Merino, Asier"]
[Black "Ruiz Gomez, Alejandro"]
[Result "0-1"]
[WhiteElo "2094"]
[BlackElo "2397"]

1.d4 f5 2.c4 Nf6 3.Nc3 d6 4.Nf3 g6 5.Bg5 Nbd7 6.Qc2 Bg7 7.e4 fxe4 8.Nxe4 
O-O 9.Ng3 c5 10.d5 b5 11.cxb5 Nb6 12.Rd1 Bb7 13.Bc4 Nxc4 14.Qxc4 a6 15.a4 
axb5 16.axb5 Qa5+ 17.Bd2 Qa2 18.Qxa2 Rxa2 19.b4 c4 20.Bc3 Nxd5 21.Bxg7 
Kxg7 22.O-O c3 23.Rfe1 Rc8 24.Nd4 c2 25.Rc1 e5 26.Nb3 Nxb4 27.Ra1 Bd5 28.
Rxa2 Nxa2 29.Nc1 Rb8 0-1

[Event "Campeonato de Euskadi Absoluto 2015"]
[Site "Zornotza"]
[Date "2015.04.06"]
[Round "1"]
[White "Trigo Urquijo, Sergio"]
[Black "Hernandez Perez, Jesus"]
[Result "1/2-1/2"]
[WhiteElo "2347"]
[BlackElo "2008"]

1.d4 e6 2.c4 d5 3.Nc3 c6 4.Nf3 Nf6 5.Bg5 Be7 6.e3 O-O 7.Qc2 Nbd7 8.Rd1 b6 
9.cxd5 cxd5 10.Bd3 Bb7 11.O-O Rc8 12.Qa4 a6 13.Qb3 b5 14.a4 b4 15.Ne2 h6 
16.Bf4 Nh5 17.Be5 f6 18.Bg3 Nxg3 19.hxg3 g5 20.g4 Bd6 21.Nd2 Qe7 22.Rc1 
Rfd8 23.Bb1 Nf8 24.Qd3 Qd7 25.b3 Rxc1 26.Rxc1 Rc8 27.Rf1 Qe7 28.f4 e5 29.
Ng3 e4 30.Qe2 Kh7 31.Nf5 Qd8 32.g3 Ne6 33.Qh2 Bf8 34.Kf2 Bg7 35.Nxg7 Kxg7 
36.f5 Nc7 37.Rh1 Qh8 38.Qh5 Qh7 39.Rc1 Kf8 40.Rh1 Kg7 41.Rc1 Kf8 42.Qh1 
Ne8 43.Rxc8 Bxc8 44.Bc2 Bb7 45.Bd1 Nd6 46.Be2 Ne8 47.Nb1 a5 48.Nd2 Kg8 49.
Qh5 Kf8 50.Qh2 Ke7 51.Qh1 Kd8 52.Qh5 Ke7 53.Nb1 Kd8 54.Ke1 Ke7 55.Bb5 Nd6 
56.Be2 Ne8 57.Bb5 1/2-1/2

[Event "Campeonato de Euskadi Absoluto 2015"]
[Site "Zornotza"]
[Date "2015.04.06"]
[Round "1"]
[White "Goiria Egidazu, Jon Asel"]
[Black "Marchena Hurtado, Javier"]
[Result "0-1"]
[WhiteElo "2003"]
[BlackElo "2316"]

1.e4 c5 2.Nc3 Nc6 3.f4 g6 4.Nf3 Bg7 5.Bb5 Nd4 6.O-O e6 7.e5 a6 8.Bd3 f5 9.
exf6 Nxf6 10.Nxd4 cxd4 11.Ne4 O-O 12.b3 Nd5 13.Qg4 Qc7 14.g3 b5 15.Ng5 Nf6
16.Qe2 Bb7 17.Ba3 Rfe8 18.Rae1 Rac8 19.Bb2 d6 20.Bxd4 e5 21.fxe5 dxe5 22.
Bc3 e4 23.Bxf6 Bxf6 24.Rxf6 Qc5+ 25.Qe3 exd3 26.Re6 Rxe6 27.Nxe6 Qc6 0-1

[Event "Campeonato de Euskadi Absoluto 2015"]
[Site "Zornotza"]
[Date "2015.04.06"]
[Round "1"]
[White "Villalta Bustillo, Igor"]
[Black "Iraneta Unzue, Iker"]
[Result "1/2-1/2"]
[WhiteElo "2242"]
[BlackElo "1995"]

1.e4 e5 2.d4 exd4 3.Nf3 Nc6 4.Nxd4 Nf6 5.Nxc6 bxc6 6.e5 Qe7 7.Qe2 Nd5 8.c4
Ba6 9.Nd2 g6 10.Nf3 Bg7 11.Bg5 Qb4+ 12.Kd1 Qa4+ 13.b3 Qa5 14.Qb2 Qc3 15.
Qxc3 Nxc3+ 16.Kc2 Ne4 17.Be3 c5 18.Rd1 Bb7 19.Ne1 Bxe5 20.Nd3 Bd4 21.Re1 
O-O 22.f3 Bxe3 23.Rxe3 Nd6 24.Nxc5 Bc6 25.Bd3 a5 26.Rhe1 Rfb8 27.Kc3 f5 
28.Re7 Re8 29.Kd2 Rxe7 30.Rxe7 Re8 31.Rxe8+ Nxe8 32.Ke3 Kf7 33.Bf1 Kf6 34.
f4 Ng7 35.Kd4 h6 36.Nd3 d6 37.Ke3 Ne6 38.b4 axb4 39.Nxb4 Ba4 40.g3 c5 41.
Nd5+ Kf7 42.Nb6 Bc6 43.a4 Nd4 44.a5 Nc2+ 45.Kd2 Nb4 46.Ke3 Ke6 47.Be2 d5 
48.cxd5+ Nxd5+ 49.Nxd5 Bxd5 50.Kd3 Kd6 51.Kc3 g5 52.Bc4 Bc6 53.Bg8 Bb5 54.
Bh7 Ke6 55.Bg8+ Kd6 56.Bb3 Ba6 57.Bc4 Bb7 58.Bb5 Bd5 59.a6 Kc7 60.Bd3 Kb6 
61.Bxf5 Kxa6 62.fxg5 hxg5 63.h4 gxh4 64.gxh4 Bf7 65.Bg4 Kb6 66.h5 Bxh5 
1/2-1/2

[Event "Campeonato de Euskadi Absoluto 2015"]
[Site "Zornotza"]
[Date "2015.04.06"]
[Round "1"]
[White "Arce Balluerca, Jorge"]
[Black "Jimenez Almeida, Luis David"]
[Result "1/2-1/2"]
[WhiteElo "1973"]
[BlackElo "2225"]

1.Nf3 Nf6 2.g3 d5 3.Bg2 e6 4.d4 Be7 5.O-O O-O 6.c4 dxc4 7.Ne5 Nc6 8.Nxc6 
bxc6 9.Na3 Bxa3 10.bxa3 Nd5 11.Qc2 Ba6 12.Rd1 Qe7 13.e4 Nb6 14.a4 Qb4 15.
a5 Na4 16.e5 Bb5 17.Be4 h6 18.Rb1 Qe7 19.h4 Rfd8 20.a3 c3 21.Rb4 Qd7 22.
Bf3 Rab8 23.Kg2 Qe8 24.Qb3 c5 25.dxc5 Bc6 26.Rxd8 Rxd8 27.Qc4 Bxf3+ 28.
Kxf3 Qc6+ 29.Qe4 Qxe4+ 30.Rxe4 Nxc5 31.Rc4 Nd3 32.Rxc3 Nxc1 33.Rxc1 Rd3+ 
34.Ke4 Rxa3 35.Rc5 g6 36.f3 a6 37.g4 h5 38.Kf4 hxg4 39.fxg4 Ra4+ 40.Kg5 c6
41.Rxc6 Rxa5 42.Kf6 Ra4 43.Rc8+ Kh7 44.Kxf7 Rxg4 45.Kxe6 Rxh4 46.Ra8 Ra4 
47.Kf6 Rf4+ 48.Ke6 g5 49.Rxa6 g4 50.Ra3 Kg7 51.Kd5 Rf3 52.Ra4 g3 53.Rg4+ 
Kf7 54.Ke4 Ra3 55.Kf4 Ra4+ 56.Kxg3 Rxg4+ 57.Kxg4 Ke7 58.Kf5 Kf7 59.e6+ Ke7
60.Ke5 Ke8 61.Kf6 Kf8 62.e7+ Ke8 63.Ke6 1/2-1/2

[Event "Campeonato de Euskadi Absoluto 2015"]
[Site "Zornotza"]
[Date "2015.04.06"]
[Round "1"]
[White "Diez Fraile, David"]
[Black "Cucarella Montell, Angels"]
[Result "1-0"]
[WhiteElo "2198"]
[BlackElo "1949"]

1.c4 c5 2.Nc3 Nc6 3.g3 g6 4.Bg2 Bg7 5.d3 d6 6.e4 e5 7.Nge2 Nge7 8.a3 O-O 
9.Rb1 Be6 10.O-O Qd7 11.b4 b6 12.b5 Nd4 13.Nxd4 exd4 14.Ne2 Bh3 15.Bxh3 
Qxh3 16.Bg5 f6 17.Bd2 Qe6 18.Nf4 Qf7 19.Qg4 f5 20.exf5 Qxf5 21.Qxf5 Rxf5 
22.Rfe1 Re5 23.Ne6 Bf6 24.Bf4 Rxe1+ 25.Rxe1 d5 26.Nc7 Rd8 27.cxd5 Nxd5 28.
Nxd5 Rxd5 29.Re8+ Kf7 30.Ra8 Rd7 31.Rc8 g5 32.Bd2 Re7 33.Kf1 h6 34.a4 Be5 
35.Rc6 Re6 36.Rc8 Re7 37.h3 Rc7 38.Rxc7+ Bxc7 39.Ke2 Ke6 40.Kd1 Kf5 41.Kc2
h5 42.Kb3 h4 43.g4+ Kf6 44.Kc4 Bd8 45.Kd5 Bc7 46.Ke4 Bb8 47.a5 Bc7 48.axb6
axb6 49.Kd5 Bb8 50.Kc6 Bf4 51.Bxf4 gxf4 52.Kd5 Kg6 53.Ke4 Kg5 54.f3 Kg6 
55.Kxf4 Kf6 56.Ke4 Kg6 57.f4 Kf6 58.f5 Kf7 59.g5 Kg7 60.Kd5 Kf7 61.g6+ Kg7
62.Ke4 c4 63.f6+ Kxg6 64.f7 1-0

[Event "Campeonato de Euskadi Absoluto 2015"]
[Site "Zornotza"]
[Date "2015.04.07"]
[Round "2"]
[White "Franco Alonso, Alejandro"]
[Black "Astasio Lopez, David"]
[Result "1/2-1/2"]
[WhiteElo "2447"]
[BlackElo "2401"]

1.d4 d5 2.Bf4 Nf6 3.e3 e6 4.Nd2 Bd6 5.Bg3 O-O 6.Bd3 c5 7.c3 Nc6 8.Ngf3 b6 
9.Ne5 Bb7 10.O-O Qc7 11.f4 Ne7 12.Qf3 Nf5 13.Bf2 Be7 14.Ng4 Nd7 15.Ne5 Nf6
16.Ng4 Nd7 17.Ne5 Nf6 1/2-1/2

[Event "Campeonato de Euskadi Absoluto 2015"]
[Site "Zornotza"]
[Date "2015.04.07"]
[Round "2"]
[White "Gonzalez De La Torre, Santiago"]
[Black "Diez Fraile, David"]
[Result "1-0"]
[WhiteElo "2429"]
[BlackElo "2198"]

1.e4 c5 2.Nf3 d6 3.d4 cxd4 4.Nxd4 Nf6 5.Nc3 g6 6.Be3 Bg7 7.f3 Nc6 8.Qd2 
Bd7 9.O-O-O Rc8 10.Kb1 h5 11.h3 a6 12.Qf2 Ne5 13.Nd5 Nxd5 14.exd5 Qa5 15.
Nb3 Qa4 16.f4 Bf5 17.Nd4 Be4 18.b3 Qa5 19.fxe5 dxe5 20.Bd3 Bxd3 21.Rxd3 
exd4 22.Bxd4 O-O 23.Bxg7 Kxg7 24.g4 Qc5 25.Qe2 hxg4 26.hxg4 Qd6 27.Rf1 Rc7
28.Qe4 e6 29.g5 Rfc8 30.dxe6 Qxe6 31.Qd4+ Kf8 32.Re3 1-0

[Event "Campeonato de Euskadi Absoluto 2015"]
[Site "Zornotza"]
[Date "2015.04.07"]
[Round "2"]
[White "Ruiz Gomez, Alejandro"]
[Black "Argandona Riveiro, Inigo"]
[Result "1-0"]
[WhiteElo "2397"]
[BlackElo "2427"]

1.d4 c5 2.d5 e5 3.Nc3 d6 4.e4 Be7 5.Nf3 a6 6.Be2 b5 7.a4 b4 8.Nb1 Nf6 9.
Nbd2 Nbd7 10.O-O Nf8 11.Re1 Ng6 12.Bf1 h5 13.Nc4 a5 14.c3 h4 15.cxb4 cxb4 
16.h3 Ba6 17.Nh2 Kf8 18.Ng4 Ne8 19.Be3 Bg5 20.Rc1 Bf4 21.Qf3 Bxc4 22.Rxc4 
Qg5 23.Rec1 Bxe3 24.fxe3 Ne7 25.Be2 g6 26.Rf1 Rh7 27.Bd3 Rd8 28.Rc2 Rg7 
29.Kh1 Rb8 30.b3 Rd8 31.Rcf2 Rc8 32.Bb5 f5 33.exf5 gxf5 34.Bd7 Rc3 35.Qe2 
Rf7 36.Be6 Ng7 37.Bxf7 Kxf7 38.e4 f4 39.Qa6 Qg6 40.Re1 Nh5 41.Qxa5 Ng3+ 
42.Kh2 Nxe4 43.Qxb4 Rxh3+ 44.gxh3 Nxf2 45.Nxf2 Qg3+ 46.Kh1 Qxf2 47.Qe4 Kf6
48.Qe2 Qg3 49.Rg1 Nf5 50.Qg4 Qxg4 51.hxg4 Ne3 52.a5 f3 53.a6 Nxd5 54.a7 
Nb6 55.Rc1 Kg5 56.Rc6 Na8 57.Rc8 Nb6 58.Rb8 h3 59.Kh2 Kxg4 60.Rxb6 f2 61.
a8=Q f1=Q 62.Rb4+ Kg5 63.Qg8+ Kh5 64.Qg4+ Kh6 65.Qxh3+ 1-0

[Event "Campeonato de Euskadi Absoluto 2015"]
[Site "Zornotza"]
[Date "2015.04.07"]
[Round "2"]
[White "Marchena Hurtado, Javier"]
[Black "Huerga Leache, Mikel"]
[Result "0-1"]
[WhiteElo "2316"]
[BlackElo "2434"]

1.d4 Nf6 2.c4 e6 3.Nf3 d5 4.g3 Be7 5.Bg2 O-O 6.O-O c6 7.Qc2 b6 8.b3 Ba6 9.
Rd1 Nbd7 10.Nbd2 c5 11.dxc5 Bxc5 12.Bb2 b5 13.cxd5 Qb6 14.e3 Rac8 15.Qd3 
exd5 16.Bf1 Rfe8 17.a4 Rb8 18.Bd4 Bxd4 19.exd4 Qd6 20.Qf5 b4 21.Bxa6 Qxa6 
22.Ne5 Nf8 23.Rac1 Ne6 24.Nc6 Rbc8 25.Nxb4 Rxc1 26.Rxc1 Qa5 27.Rc4 g6 28.
Qe5 Nxd4 29.Qc7 Qxc7 30.Rxc7 Re2 31.Nf1 Ne4 32.Nd3 a5 33.Rd7 Nf6 34.Rd8+ 
Kg7 35.b4 axb4 36.Nxb4 Nf3+ 37.Kg2 Ne1+ 38.Kg1 Ne4 39.Rxd5 Rxf2 40.Nd3 
Nf3+ 41.Kh1 Rxf1+ 42.Kg2 Nfd2 43.a5 Ra1 44.Nb4 g5 45.a6 g4 46.h3 Ra4 47.
Rb5 h5 48.hxg4 hxg4 49.Rb7 Ra3 0-1

[Event "Campeonato de Euskadi Absoluto 2015"]
[Site "Zornotza"]
[Date "2015.04.07"]
[Round "2"]
[White "Jimenez Almeida, Luis David"]
[Black "Etchegaray, Patrice"]
[Result "0-1"]
[WhiteElo "2225"]
[BlackElo "2400"]

1.d4 Nf6 2.Nf3 g6 3.c4 Bg7 4.Nc3 c5 5.e4 cxd4 6.Nxd4 Nc6 7.Be3 O-O 8.Be2 
b6 9.O-O Bb7 10.f3 e6 11.Ndb5 d5 12.c5 Qe7 13.cxb6 Rfd8 14.Na4 d4 15.Bf2 
axb6 16.Bd3 Nd7 17.Rc1 Nde5 18.Nxb6 Rxa2 19.Qb3 Rxb2 20.Qxb2 Nxd3 21.Qd2 
Nxc1 22.Rxc1 h5 23.f4 h4 24.h3 Bh6 25.Rf1 Qc5 26.Bxh4 Qxb6 27.Bxd8 Qxd8 
28.e5 Qd5 29.Nd6 Ba8 30.Ne8 Qxe5 31.Qa2 Qb8 32.Nf6+ Kg7 33.Rb1 Qd8 34.Ng4 
Bxf4 35.Ra1 Bb7 36.Qb2 Qd7 37.Rf1 e5 38.Qa3 d3 39.Kh1 d2 40.Qa1 Qd5 41.Qb1
Nd4 0-1

[Event "Campeonato de Euskadi Absoluto 2015"]
[Site "Zornotza"]
[Date "2015.04.07"]
[Round "2"]
[White "Sanchez Ruesga, Hector"]
[Black "Trigo Urquijo, Sergio"]
[Result "0-1"]
[WhiteElo "2099"]
[BlackElo "2347"]

1.d4 Nf6 2.c4 d6 3.g3 g6 4.Bg2 Bg7 5.Nc3 O-O 6.Nf3 Nbd7 7.O-O e5 8.e4 h6 
9.h3 Nh7 10.Be3 Ng5 11.Nxg5 hxg5 12.d5 f5 13.exf5 gxf5 14.Qh5 g4 15.hxg4 
Nf6 16.Bg5 Nxh5 17.Bxd8 Rxd8 18.gxh5 a6 19.Bh3 Kh7 20.f3 Rg8 21.Kf2 Bf6 
22.Rh1 Kh6 23.Rag1 e4 24.Ke3 exf3 25.Kxf3 b5 26.cxb5 axb5 27.Nxb5 Bxb2 28.
Rh2 Be5 29.Rc2 Kxh5 30.Bf1 Bb7 31.Bc4 c6 32.dxc6 Bxc6+ 33.Ke2 Be4 34.Bxg8 
Bxc2 35.Be6 Kg4 36.Bd5 Ra5 37.Rc1 Be4 38.Bxe4 fxe4 39.Nc7 d5 40.Ne6 Rxa2+ 
41.Ke3 Ra3+ 42.Ke2 Kf5 43.Nc5 Ra2+ 44.Kf1 e3 45.Re1 Rf2+ 46.Kg1 Rf3 47.Rf1
Kg4 48.Nd3 Bxg3 49.Kg2 Rxf1 50.Kxf1 Kf3 51.Nc1 d4 0-1

[Event "Campeonato de Euskadi Absoluto 2015"]
[Site "Zornotza"]
[Date "2015.04.07"]
[Round "2"]
[White "Hernandez Perez, Jesus"]
[Black "Villalta Bustillo, Igor"]
[Result "0-1"]
[WhiteElo "2008"]
[BlackElo "2242"]

1.e4 b6 2.d4 Bb7 3.Bd3 e6 4.Nf3 c5 5.c3 Nf6 6.Nbd2 Nc6 7.O-O Be7 8.Re1 O-O
9.b3 Rc8 10.Bb2 cxd4 11.Nxd4 Qc7 12.Rc1 d5 13.Nxc6 Bxc6 14.e5 Nd7 15.Re3 
Nxe5 16.Bxh7+ Kxh7 17.Qh5+ Kg8 18.Rxe5 g6 19.Qe2 Bd6 20.c4 Bxe5 21.Bxe5 
Qe7 22.Rc3 f6 23.Rg3 fxe5 24.Rxg6+ Kf7 25.Qh5 Qd6 26.Nf3 Rc7 27.Ng5+ Ke7 
28.Qh6 Bd7 29.Qh4 Ke8 30.Rg7 Bc8 31.Qh5+ Kd8 32.Nf7+ Rfxf7 33.Rxf7 Rxf7 
34.Qxf7 dxc4 35.h4 c3 0-1

[Event "Campeonato de Euskadi Absoluto 2015"]
[Site "Zornotza"]
[Date "2015.04.07"]
[Round "2"]
[White "Arias Garcia, Luis Javier"]
[Black "Arce Balluerca, Jorge"]
[Result "1/2-1/2"]
[WhiteElo "2140"]
[BlackElo "1973"]

1.e4 e5 2.Nf3 Nc6 3.Bb5 a6 4.Ba4 Nf6 5.O-O d6 6.d3 b5 7.Bb3 Na5 8.Nbd2 c5 
9.h3 h6 10.Qe2 g6 11.Rd1 Bg7 12.Nf1 O-O 13.Ne3 Nxb3 14.axb3 Be6 15.Bd2 Re8
16.Ba5 Qd7 17.b4 Nh5 18.Nh2 Nf4 19.Qf3 Qb7 20.h4 Rac8 21.bxc5 dxc5 22.g3 
Nh5 23.b4 c4 24.dxc4 bxc4 25.Rd6 Nf6 26.Nhg4 Nxe4 27.Rb6 Qa8 28.b5 h5 29.
Nh2 Nc5 30.Qe2 axb5 31.Rxb5 Qe4 32.Bb4 Nd7 33.f3 Qc6 34.Raa5 Ra8 35.c3 
Rxa5 36.Rxa5 Ra8 37.Nxc4 Rxa5 38.Nxa5 Bd5 39.Qe3 Qa4 40.Qd3 Be6 41.Kf2 Nf6
42.Nb7 Nd5 43.Bc5 Qa2+ 44.Qe2 Qb1 45.Nd6 Nxc3 46.Qd2 e4 47.Nxe4 Nxe4+ 48.
fxe4 Qxe4 49.Nf1 Be5 50.Be3 Bd5 51.Bf4 Qf3+ 52.Kg1 Bd4+ 53.Ne3 Bxe3+ 54.
Bxe3 Qh1+ 55.Kf2 Qg2+ 56.Ke1 Qxg3+ 57.Bf2 Qe5+ 58.Qe2 Qf4 59.Qe8+ Kh7 60.
Bd4 Qe4+ 61.Qxe4 Bxe4 62.Bf6 Kg8 63.Kd2 Kf8 64.Ke3 Bh1 65.Kf4 Ke8 66.Ke5 
Kd7 67.Bg5 Kc6 68.Kf6 Bd5 69.Bf4 Kc5 70.Be5 Kc4 71.Kg5 Kd3 72.Bf6 Ke4 73.
Bd8 Kf3 74.Bf6 Kg3 75.Be5+ Kh3 76.Bf6 Kg3 77.Be5+ Kf3 78.Bf6 Be6 79.Be7 
Bg4 80.Bf6 Ke4 81.Bd8 f5 82.Bc7 Ke3 83.Bf4+ Kf3 84.Bd6 Ke4 85.Bc7 Bd1 86.
Bb8 1/2-1/2

[Event "Campeonato de Euskadi Absoluto 2015"]
[Site "Zornotza"]
[Date "2015.04.07"]
[Round "2"]
[White "Iraneta Unzue, Iker"]
[Black "Prieto Aranguren, Alain"]
[Result "0-1"]
[WhiteElo "1995"]
[BlackElo "2181"]

1.e4 c6 2.Nc3 d5 3.Qf3 e6 4.d4 dxe4 5.Nxe4 Qxd4 6.Bg5 Qxb2 7.Rd1 Nd7 8.c3 
h6 9.Bh4 Qxa2 10.Ne2 Qa5 11.Nf4 Ngf6 12.Nxe6 fxe6 13.Nxf6+ gxf6 14.Bxf6 
Rg8 15.Bd3 Be7 16.Bd4 Qg5 17.Be4 c5 18.Be3 Qg4 19.Bxb7 Qxf3 20.Bxf3 Rb8 
21.Bh5+ Kd8 22.Bf7 Rxg2 23.Bxe6 Rb6 24.Bf5 Rd6 25.Rxd6 Bxd6 26.Bxh6 Bb7 
27.h4 Rxf2 28.Kxf2 Bxh1 29.h5 Be5 30.Be3 a5 31.Bxd7 Kxd7 32.Bxc5 Bxc3 33.
Ke3 Bd5 34.Kd3 Bg7 35.Bd4 Bf8 36.Kc2 Bf7 37.Kb2 Bxh5 38.Bc3 a4 39.Ka2 Bf7+
40.Ka1 Kc6 41.Kb1 Kb5 42.Bf6 Kc4 43.Be5 Kb3 44.Ka1 Bh6 45.Kb1 Bg6+ 46.Ka1 
Bc1 0-1

[Event "Campeonato de Euskadi Absoluto 2015"]
[Site "Zornotza"]
[Date "2015.04.07"]
[Round "2"]
[White "Urretabizkaia Merino, Asier"]
[Black "Ladron De Guevara Galar, Fco J"]
[Result "0-1"]
[WhiteElo "2094"]
[BlackElo "2112"]

1.d4 d5 2.Nf3 Nf6 3.c4 e6 4.Nc3 Bb4 5.e3 c5 6.Bd3 O-O 7.O-O Nbd7 8.a3 Ba5 
9.Qb3 dxc4 10.Bxc4 Qe7 11.Bd2 a6 12.Qd1 b5 13.Ba2 Bc7 14.e4 cxd4 15.Nxd4 
Bb7 16.Re1 Rfd8 17.Nf3 Ne5 18.Nxe5 Bxe5 19.Qe2 Qc7 20.Rac1 Bxh2+ 21.Kh1 
Rxd2 22.Qxd2 Bf4 23.Re3 Bxe3 24.Qxe3 Ng4 0-1

[Event "Campeonato de Euskadi Absoluto 2015"]
[Site "Zornotza"]
[Date "2015.04.07"]
[Round "2"]
[White "Buiza Prieto, Eihartze"]
[Black "Goiria Egidazu, Jon Asel"]
[Result "1/2-1/2"]
[WhiteElo "2107"]
[BlackElo "2003"]

1.e4 e5 2.Nf3 Nc6 3.Bb5 a6 4.Ba4 Nf6 5.O-O b5 6.Bb3 Bb7 7.Re1 Bc5 8.c3 d6 
9.d4 Bb6 10.Be3 O-O 11.Nbd2 Rb8 12.h3 Re8 13.d5 Bxe3 14.Rxe3 Ne7 15.Bc2 
Ng6 16.b3 Nf4 17.Qf1 c6 18.c4 cxd5 19.cxd5 Bc8 20.a4 Bd7 21.axb5 Bxb5 22.
Nc4 Rc8 23.g3 Ng6 24.Bd3 h5 25.Qe1 h4 26.Qa5 hxg3 27.fxg3 Qd7 28.Kh2 Rc5 
29.Qb6 Rd8 30.Nfxe5 Nxe5 31.Nxe5 Qe8 32.Nc4 Bxc4 33.bxc4 Rb8 34.Qxd6 Rb2+ 
35.Kg1 Qc8 36.g4 Rc7 37.Qxa6 Qd8 38.Qa8 Rc8 39.Qa5 Qd7 40.Qe1 Rcb8 41.e5 
Nxd5 42.cxd5 Qxd5 43.Be4 Qd4 44.Rd1 Qb6 45.Rd2 Rb3 46.Kf2 Re8 47.Bd5 Rb1 
48.Qe2 Rxe5 49.Bg2 Rb3 50.Rd8+ Qxd8 51.Rxe5 Qd4+ 52.Re3 Rb2 53.Qxb2 Qxb2+ 
1/2-1/2

[Event "Campeonato de Euskadi Absoluto 2015"]
[Site "Zornotza"]
[Date "2015.04.07"]
[Round "2"]
[White "Cucarella Montell, Angels"]
[Black "Gonzalez Martinez, Miguel Ange"]
[Result "1-0"]
[WhiteElo "1949"]
[BlackElo "2101"]

1.e4 e5 2.Nf3 Nc6 3.Bb5 a6 4.Ba4 Nf6 5.d3 d6 6.c3 b5 7.Bb3 Na5 8.Bc2 g6 9.
O-O Bg7 10.d4 Bb7 11.Re1 O-O 12.Nbd2 Re8 13.d5 c6 14.b4 Nc4 15.Nxc4 bxc4 
16.dxc6 Bxc6 17.a4 Qc7 18.Qe2 d5 19.exd5 Bxd5 20.Bg5 e4 21.Nd4 Nh5 22.Qd2 
Bb7 23.Ne2 Be5 24.Ng3 e3 25.Rxe3 Nxg3 26.hxg3 f6 27.Bf4 Bxf4 28.gxf4 Qc6 
29.f3 Rad8 30.Qf2 Rxe3 31.Qxe3 Re8 32.Qf2 Qd6 33.f5 g5 34.Re1 Re5 35.Be4 
Bxe4 36.fxe4 Qc6 37.Qd4 Kg7 38.a5 g4 39.Kf2 Qc7 40.Rd1 g3+ 41.Kf3 Re7 42.
Qd6 Qb7 43.Qxg3+ Kf7 44.Rd4 Re5 45.Qg4 Qc6 46.Qf4 Qa4 47.Qd2 Re7 48.Qh6 
1-0

[Event "Campeonato de Euskadi Absoluto 2015"]
[Site "Zornotza"]
[Date "2015.04.08"]
[Round "3"]
[White "Argandona Riveiro, Inigo"]
[Black "Arias Garcia, Luis Javier"]
[Result "1-0"]
[WhiteElo "2427"]
[BlackElo "2140"]

1.Nf3 Nf6 2.c4 c5 3.Nc3 Nc6 4.d4 cxd4 5.Nxd4 d6 6.e4 g6 7.Be2 Bg7 8.Be3 
O-O 9.O-O Bd7 10.Qd2 Nxd4 11.Bxd4 Bc6 12.f3 Nd7 13.Be3 a5 14.b3 Nc5 15.
Rab1 Qb6 16.Rfc1 Qb4 17.Rc2 a4 18.Nd5 Qxd2 19.Nxe7+ Kh8 20.Rxd2 axb3 21.
axb3 Ra3 22.Bd1 Be5 23.g3 Rfa8 24.Bf2 Ra2 25.Rxa2 Rxa2 26.Nxc6 bxc6 27.b4 
Nd3 28.Be3 c5 29.f4 Bd4 30.Bxd4+ cxd4 31.b5 Nc5 32.b6 Ra8 33.e5 dxe5 34.
fxe5 Rb8 35.Rb5 Nd3 36.Kf1 Kg7 37.Be2 Nc1 38.c5 d3 39.Bd1 Na2 40.Rb3 Nc1 
41.Rb2 1-0

[Event "Campeonato de Euskadi Absoluto 2015"]
[Site "Zornotza"]
[Date "2015.04.08"]
[Round "3"]
[White "Ladron De Guevara Galar, Fco J"]
[Black "Marchena Hurtado, Javier"]
[Result "1-0"]
[WhiteElo "2112"]
[BlackElo "2316"]

1.d4 Nf6 2.c4 g6 3.Nc3 Bg7 4.e4 d6 5.Nf3 O-O 6.Be2 e5 7.d5 a5 8.Bg5 Na6 9.
Nd2 Qe8 10.O-O Nd7 11.a3 Nb6 12.b3 f6 13.Be3 f5 14.Rb1 Nc5 15.b4 axb4 16.
axb4 Nxe4 17.Ndxe4 fxe4 18.c5 Na4 19.Nb5 Qd8 20.Qb3 b6 21.c6 Nc5 22.bxc5 
bxc5 23.Nc3 Bf5 24.Qc2 Qh4 25.Qd2 Qe7 26.Ra1 h5 27.Rxa8 Rxa8 28.Qb2 Qd8 
29.Rb1 Bf6 30.Qc2 Bg5 31.Qd2 Bxe3 32.Qxe3 Ra3 33.Qc1 Ra8 34.Ra1 Rb8 35.Nd1
Kh7 36.Ne3 Qg5 37.Rb1 Ra8 38.Rb7 Qd8 39.Qb1 Kh6 40.h3 Kh7 41.Qb6 Rc8 42.g4
hxg4 43.hxg4 Kh6 44.Qa5 Qh4 45.gxf5 Kg5 46.Qd2 Kf6 47.Ng4+ Kxf5 48.Qh6 
Qxh6 49.Nxh6+ Kf4 50.Ng4 c4 51.Ne3 c3 52.Rb3 1-0